00630nam a2200205 a 450000100060000000300080000600500170001400800410003103500190007204000270009104100080011808200180012610000340014424500850017826000390026330000520030250400290035465000100038365100310039325025BD-RjUL20211209050823.0140316t1964 enk b 001 0 eng d a(BD-RjUL)25094 aNSAcNSAbengdBD-RjUL aeng04a953bNUA 19641 aNutting, Anthony,d1920-1999.14aThe Arabs :ba narrative history from Mohammed to the present /cAnthony Nutting aLondon :bHollis & Carter,cc1964. a424 p. :bill., maps on lining papers ;c24 cm. aBibliography: p. 409-411 0aArabs 0aArabian PeninsulaxHistory